Pozvánka na kurzy

Bibliographic Details
Corporate Author: Slovenský inštitút vzdelávania (Bratislava, Slovensko) (Author)
Format: Book
Language:Slovak
PhysicalDescription:47 s. fotogr. 21 cm
Published: Bratislava Slovenský inštitút vzdelávania 2009
Edition:[1. vyd.]
Subjects:

MARC

LEADER 00000nam a2200000 a 4500
001 vtls010040581
003 SK-MaSNL
005 20260301083445.0
008 180730s2009 xo o e f 000 0 slo
015 |a SNBE2010/02-00963 
020 |q (brož.) 
040 |a SNK  |b slo  |c SNK  |e AACR2 
041 0 |a slo 
044 |a xo  |c SK 
072 7 |a 371  |x Školstvo (organizácia)  |2 konspekt 
080 |a 378  |2 2001 
080 |a 371.279.5/.6  |2 2001 
080 |a (041)  |2 2001 
110 2 |a Slovenský inštitút vzdelávania (Bratislava, Slovensko)  |4 aut  |9 410372 
245 1 0 |a Pozvánka na kurzy 
250 |a [1. vyd.] 
260 |a Bratislava  |b Slovenský inštitút vzdelávania  |c 2009 
300 |a 47 s.  |b fotogr.  |c 21 cm 
500 |a Názov z obalu 
650 0 7 |a študijné predpoklady  |2 SNKPH  |9 84637 
650 0 7 |a vysoké školy  |2 SNKPH  |9 1277 
650 0 7 |a prijímacie skúšky  |2 SNKPH  |9 1229 
655 7 |a brožúry  |2 SNKPH  |9 70146 
999 |c 660581  |d 662511 
952 |a SNK  |b SNK  |y PREZ  |7 0  |p 17A0641683  |o snkOSC 24922  |i snk2010/853  |8 0  |0 0  |1 0  |4 0  |d 2010-01-19  |l 0  |r 2026-02-23 18:52:13  |w 2026-02-23